Taxonomic to common name - Statistics

General Stats
  • This quiz has been taken 136 times
    119 since last reset
  • The average score is 13 of 30
Answer Stats
Scientific Common % Correct
Canidae Dogs
100%
Serpentes Snakes
99%
Felidae Cats
97%
Aves Birds
94%
Homo Humans
86%
Ursidae Bears
77%
Hominoidea Apes
76%
Vulpes Foxes
72%
Lemuroidea Lemurs
68%
Cactaceae Cacti
58%
Araneae Spiders
58%
Cygnus Swans
56%
Gallus Chickens
47%
Pinus Pines
42%
Pinnipedia Seals
40%
Anura Frogs
29%
Porifera Sponges
28%
Coleoptera Beetles
27%
Asteroidea Starfish
26%
Helianthus Sunflowers
22%
Echinoidea Sea urchins
21%
Sciuridae Squirrels
21%
Anguilliformes Eels
19%
Simiiformes Simians
18%
Bombus Bumblebees
15%
Poaceae Grasses
13%
Thunnini Tuna
12%
Selachimorpha Sharks
9%
Rhopalocera Butterflies
5%
Actiniaria Sea anemones
4%
No matching quizzes found
Score Distribution
Percent of People with Each Score
Percentile by Number Answered
Your Score History
You have not taken this quiz since the last reset